[Event "CHI-chT Universities"]
[Site "Valparaiso"]
[Date "2007.11.08"]
[Round "1"]
[White "Ruiz, Sebastian"]
[Black "Pizarro Soza, Francisco"]
[Result "0-1"]
[WhiteElo "2148"]
[BlackElo "1868"]
[PlyCount "63"]
[EventDate "2007.11.08"]
[EventType "team"]
[EventRounds "7"]
[EventCountry "CHI"]
[SourceTitle "EXT 2012"]
[Source "ChessBase"]
[SourceDate "2011.11.24"]
[SourceVersion "1"]
[SourceVersionDate "2011.11.24"]
[SourceQuality "1"]
[WhiteTeam "Universidad de Chile"]
[BlackTeam "Universidad de Concepcion"]
[WhiteTeamCountry "CHI"]
[BlackTeamCountry "CHI"]

1. e4 c5 2. d4 cxd4 3. c3 dxc3 4. Nxc3 e6 5. Nf3 Nc6 6. Bc4 a6 7. 0-0 d6 8. Qe2 Be7 9. Rd1 Qc7 10. Bf4 Ne5 11. Nxe5 dxe5 12. Be3 Nf6 13. Rac1 0-0 14. Na4 Qa5 15. Nb6 Rb8 16. f3 Rd8 17. Qf2 Bd7 18. a3 Bb5 19. Bd2 Rxd2 20. Rxd2 Bd8 21. Rxd8+ Rxd8 22. Qc5 Qd2 23. Bxb5 axb5 24. Qc3 Qd4+ 25. Qxd4 exd4 26. Kf2 Ne8 27. e5 f6 28. f4 g5 29. g3 fxe5 30. fxe5 Ng7 31. Ke2 Kf7 32. Rf1+ 0-1

[Event "FICGS class F 000027 email"]
[Site "FICGS email"]
[Date "2007.02.08"]
[Round "1"]
[White "Ruiz, Sebastian"]
[Black "Galicza, Pali"]
[Result "0-1"]
[WhiteElo "1400"]
[BlackElo "1400"]
[PlyCount "34"]
[EventDate "2007.??.??"]
[EventType "tourn (corr)"]
[EventRounds "5"]
[SourceTitle "Corr 2022"]
[Source "ChessBase"]
[SourceDate "2021.10.24"]
[SourceVersion "1"]
[SourceVersionDate "2021.10.24"]
[SourceQuality "1"]

1. d4 f5 2. Bg5 d5 3. f4 Nf6 4. Qd3 e6 5. Qb5+ Nc6 6. c4 Bd7 7. Qxb7 Rb8 8. Qa6 Nb4 9. Qa3 Nc2+ 10. Kd1 Bxa3 11. Kxc2 Rxb2+ 12. Kc1 Rxa2+ 13. Nxa3 Rxa1+ 14. Kb2 Rxf1 15. c5 Qb8+ 16. Ka2 Ne4 17. Bh4 Nc3# 0-1

[Event "FICGS class F 000027 email"]
[Site "FICGS email"]
[Date "2007.02.08"]
[Round "1"]
[White "Vesely, Tomas"]
[Black "Ruiz, Sebastian"]
[Result "1-0"]
[WhiteElo "1400"]
[BlackElo "1400"]
[PlyCount "59"]
[EventDate "2007.??.??"]
[EventType "tourn (corr)"]
[EventRounds "5"]
[SourceTitle "Corr 2022"]
[Source "ChessBase"]
[SourceDate "2021.10.24"]
[SourceVersion "1"]
[SourceVersionDate "2021.10.24"]
[SourceQuality "1"]

1. e4 Nf6 2. Nc3 c5 3. Bc4 Nc6 4. Nd5 e6 5. Nxf6+ Qxf6 6. c3 Bd6 7. Nf3 Bf4 8. 0-0 0-0 9. g3 Bh6 10. d3 Qg6 11. d4 cxd4 12. cxd4 Qxe4 13. Bxh6 gxh6 14. Re1 Qf5 15. Ne5 Nxe5 16. Rxe5 Qg6 17. Qd3 Qg7 18. Rh5 Qg6 19. Rh4 d5 20. Qxg6+ fxg6 21. Bd3 Bd7 22. a4 Rf7 23. b3 Raf8 24. Rf1 a6 25. f4 b5 26. Bc2 Kh8 27. Kg2 g5 28. Rxh6 gxf4 29. Rxf4 Rxf4 30. Rxh7+ 1-0

[Event "Quebec-ch op"]
[Site "Montreal"]
[Date "2006.07.15"]
[Round "9"]
[White "Gilman, Arkadiy M"]
[Black "Ruiz, Sebastian"]
[Result "1/2-1/2"]
[WhiteElo "2223"]
[BlackElo "2136"]
[PlyCount "72"]
[EventDate "2006.07.07"]
[EventType "swiss"]
[EventRounds "9"]
[EventCountry "CAN"]
[SourceTitle "CBM 113 Extra"]
[Source "ChessBase"]
[SourceDate "2006.09.14"]
[SourceVersion "1"]
[SourceVersionDate "2006.09.14"]
[SourceQuality "1"]

1. d4 Nf6 2. c4 e6 3. Nc3 Bb4 4. e3 0-0 5. Bd3 c5 6. Nge2 d5 7. 0-0 cxd4 8. exd4 b6 9. cxd5 Bxc3 10. dxe6 Bb4 11. exf7+ Kh8 12. Bg5 Rxf7 13. Qb3 Qf8 14. Nf4 Nc6 15. Qc2 Bb7 16. Bxh7 Nxh7 17. Ng6+ Kg8 18. Nxf8 Nxg5 19. Ng6 Nxd4 20. Qc4 Ndf3+ 21. Kh1 a5 22. Qg4 Rf6 23. Qd7 Bc6 24. Ne7+ Bxe7 25. Qxe7 Re8 26. Qc7 Ne4 27. Rac1 Nfd2 28. Rxc6 Rf7 29. Qxb6 Nxf1 30. Re6 Nxf2+ 31. Kg1 Rxe6 32. Qxe6 Nd2 33. Qe8+ Rf8 34. Qe6+ Rf7 35. Qe8+ Rf8 36. Qe6+ Rf7 1/2-1/2

[Event "Quebec-ch op"]
[Site "Montreal"]
[Date "2006.07.09"]
[Round "3"]
[White "Ruiz, Sebastian"]
[Black "Masse, Hugues"]
[Result "0-1"]
[WhiteElo "2136"]
[BlackElo "2178"]
[PlyCount "134"]
[EventDate "2006.07.07"]
[EventType "swiss"]
[EventRounds "9"]
[EventCountry "CAN"]
[SourceTitle "CBM 113 Extra"]
[Source "ChessBase"]
[SourceDate "2006.09.14"]
[SourceVersion "1"]
[SourceVersionDate "2006.09.14"]
[SourceQuality "1"]

1. e4 c5 2. Nf3 d6 3. d4 cxd4 4. Nxd4 Nf6 5. Nc3 a6 6. f3 e5 7. Nb3 Be6 8. Be3 Be7 9. Qd2 0-0 10. 0-0-0 Nbd7 11. Qf2 b5 12. g4 b4 13. Nd5 Bxd5 14. exd5 a5 15. Kb1 a4 16. Nc1 Ra5 17. Bc4 Qa8 18. Qd2 Rb8 19. h4 Nb6 20. Bxb6 Rxb6 21. h5 Rc5 22. b3 h6 23. Qd3 Nh7 24. f4 exf4 25. Qe4 Bf6 26. Nd3 Rc7 27. Rde1 Re7 28. Qxf4 axb3 29. cxb3 Qd8 30. Rxe7 Qxe7 31. Re1 Qd7 32. Qe4 Rb8 33. Nf2 Ng5 34. Qe3 Be5 35. Bd3 Qb7 36. Rd1 Kf8 37. Bf5 Re8 38. Ne4 Nxe4 39. Qxe4 Bc3 40. Qf3 Qe7 41. Bd3 Qg5 42. Rf1 Bf6 43. Qf4 Qxd5 44. Bc4 Qe5 45. Qxe5 Rxe5 46. Rf5 Rxf5 47. gxf5 Ke7 48. Kc2 Bd4 49. Kd3 Bc5 50. Ke4 Kf6 51. Kf4 g6 52. Be2 Bg1 53. fxg6 fxg6 54. hxg6 Kxg6 55. Bd3+ Kf6 56. Bc4 h5 57. Bd5 h4 58. Bg8 Bf2 59. a4 bxa3 60. b4 h3 61. Kf3 h2 62. Kg2 Bg1 63. b5 Ke5 64. Ba2 Kd4 65. b6 Kc3 66. b7 Ba7 67. Kxh2 Kb2 0-1

[Event "CHI-ch"]
[Site "Santiago de Chile"]
[Date "2004.02.15"]
[Round "8.12"]
[White "Ruiz, Sebastian"]
[Black "Dominguez, Hernan"]
[Result "0-1"]
[WhiteElo "2147"]
[BlackElo "2290"]
[PlyCount "54"]
[EventDate "2004.02.09"]
[EventType "swiss"]
[EventRounds "11"]
[EventCountry "CHI"]
[SourceTitle "CBM 098 Extra"]
[Source "ChessBase"]
[SourceDate "2004.03.10"]
[SourceVersion "2"]
[SourceVersionDate "2004.03.10"]
[SourceQuality "1"]

1. e4 c5 2. Nf3 e6 3. d4 cxd4 4. Nxd4 Nc6 5. Nc3 Qc7 6. g3 a6 7. Bg2 Nf6 8. 0-0 d6 9. a4 Bd7 10. Nde2 Be7 11. Re1 0-0 12. h3 Rab8 13. g4 Be8 14. Kh1 b5 15. axb5 axb5 16. Ng3 b4 17. Nce2 Rd8 18. c4 bxc3 19. Nxc3 d5 20. exd5 Nb4 21. Bg5 Nfxd5 22. Bxe7 Nxe7 23. Qb3 Nd3 24. Re2 Nxf2+ 25. Rxf2 Qxg3 26. Kg1 Bc6 27. Qa3 Ra8 0-1